000 02816cam a2200409 a 4500
001 14500919
003 OSt
005 20140310182740.0
008 060816s2006 nyua b 001 0ceng
010 _a 2006050131
020 _a074329730X
020 _a9781416549000
020 _a9781416549000
035 _a(OCoLC)ocm71146581
035 _a(OCoLC)71146581
040 _aDLC
_cDLC
_dYDX
_dBAKER
_dVPL
_dBUR
_dVP@
_dDLC
050 0 0 _aHF 5387
_b.C677 2006
100 1 _aCovey, Stephen M. R.
245 1 4 _aThe speed of trust :
_bthe one thing that changes everything /
_cStephen M.R. Covey with Rebecca R. Merrill.
260 _aNew York :
_bFree Press,
_c2006.
300 _a354 p. :
_bill. ;
_c24 cm.
504 _aIncludes bibliographical references (p. [325]-337) and index.
520 _aThis book challenges our age-old assumption that trust is merely a soft, social virtue, and instead demonstrates that it is a hard-edged, economic driver--a learnable and measurable skill that makes organizations more profitable, people more promotable, and relationships more energizing. CEO Covey informs readers how to inspire lasting trust in their personal and professional relationships, and in so doing to create unparalleled success and sustainable prosperity in every dimension of life. He shows business, government, and education leaders how to quickly and permanently gain the trust of their clients, coworkers, partners, and constituents. Like a ripple in the pond, trust begins within each of us personally, continues into our relationships, expands into our organizations, extends into our marketplace relationships, and ultimately encompasses our global society. Covey presents a road map to establish trust on every level, build character and competence, enhance credibility, and create leadership that inspires confidence.--From publisher description.
521 _aBSBA
562 _eFor Circulation.1 copy in the collection
650 0 _aBusiness ethics.
650 0 _aSuccess in business.
700 1 _aMerrill, Rebecca R.
856 4 2 _3Publisher description
_uhttp://www.loc.gov/catdir/enhancements/fy0666/2006050131-d.html
856 4 1 _3Table of contents only
_uhttp://www.loc.gov/catdir/enhancements/fy0668/2006050131-t.html
856 4 1 _3Sample text
_uhttp://www.loc.gov/catdir/enhancements/fy0703/2006050131-s.html
856 4 2 _3Contributor biographical information
_uhttp://www.loc.gov/catdir/enhancements/fy0810/2006050131-b.html
906 _a7
_bcbc
_corignew
_d1
_eocip
_f20
_gy-gencatlg
942 _2lcc
_cBK
_kFOR
999 _c15548
_d15548